Pilotes de Formule 3 - 2023 - Statistiques

Statistiques générales
  • Ce quiz a été pris 105 fois
    99 depuis la dernière actualisation
  • Le résultat moyen est 12 sur 30
Statistiques - réponses
Hint Réponse % Correct
Prema (Mercedes) Paul Aron
75%
Prema (Ferrari) Dino Beganovic
67%
Trident Gabriel Bortoleto
67%
Campos Racing Pepe Marti
66%
Prema (Williams) Zak O'Sullivan
64%
Hitech Pulse-Eight (Alpine) Gabriele Mini
61%
Art GP (Alpine) Nikola Tsolov
54%
MP Motorsport (Williams) Franco Colapinto
52%
Trident Leonardo Fornaroli
51%
Hitech Pulse-Eight Luke Browning
45%
Trident Oliver Goethe
45%
Art GP Grégoire Saucy
43%
Hitech Pulse-Eight (Red Bull) Sebastian Montoya
43%
Campos Racing Christian Mansell
42%
Jenzer Motorsport Taylor Barnard
40%
PHM Racing by Charouz (Alpine) Sophia Florsch
39%
Jenzer Motorsport Nikita Bedrin
37%
Van Amersfoort Racing Rafael Villagomez
37%
Art GP Kaylen Frederick
33%
MP Motorsport Mari Boya
31%
PHM Racing by Charouz Roberto Faria
31%
Rodin Carlin Ido Cohen
28%
Van Amersfoort Racing Caio Collet
25%
MP Motorsport Jonny Edgar
24%
Rodin Carlin (Williams) Oliver Gray
24%
PHM Racing by Charouz Piotr Wiśnicki
22%
Van Amersfoort Racing Tommy Smith
22%
Jenzer Motorsport Alex Garcia
21%
Campos Racing Hugh Barter
19%
Rodin Carlin Hunter Yeany
15%
Aucun quiz correspondant
Distribution des résultats
% des personnes avec chaque résultat
Percentile par nombre de réponses
Votre historique - résultats
Vous n’avez pas pris ce quiz depuis la dernière actualisation